Low-Oxygen stress in plants: oxygen sensing and adaptive responses to Hypoxia
Saved in:
| Main Authors: | , |
|---|---|
| Format: | Bog |
| Sprog: | engelsk |
| Udgivet: |
Viena
Springer
2014
|
| Udgivelse: | 1a. ed |
| Serier: | Plan Cells Monographs
|
| Fag: | |
| Tags: |
Tilføj Tag
Ingen Tags, Vær først til at tagge denne postø!
|
MARC
| LEADER | 00000cam a2200000 a 4500 | ||
|---|---|---|---|
| 001 | UCE5275 | ||
| 003 | CL-VaPUC | ||
| 008 | 141218e20140000au |||||||||||||||||eng|d | ||
| 020 | |a 9783709112533 | ||
| 082 | 0 | 4 | |a 571.9453 |b DON |2 21 |
| 100 | 0 | |a Dongen, Joost T. van |e author |9 577814 | |
| 700 | 0 | |a Licausi, Francesco |e author |9 577815 | |
| 245 | 1 | 0 | |a Low-Oxygen stress in plants: oxygen sensing and adaptive responses to Hypoxia |
| 250 | |a 1a. ed | ||
| 300 | |a 426 p | ||
| 942 | |c BK | ||
| 945 | |d 20141218 14:43:00 |a dcastane | ||
| 260 | |a Viena |b Springer |c 2014 | ||
| 650 | 0 | |a Estrés oxidativo |9 577816 | |
| 650 | 7 | |a HIPOXIA |2 CL-VaPUC |9 577817 | |
| 650 | 0 | |a Enfermedades de las plantas |9 259687 | |
| 650 | 7 | |a ESTRES |2 CL-VaPUC |9 338725 | |
| 583 | |a last modification |c 20150319 05:51:57 |k Rodrigo Vera | ||
| 490 | 0 | |a Plan Cells Monographs | |
| 999 | |c 358030 |d 358028 | ||
| 952 | |0 0 |1 0 |3 erd |4 0 |6 571_945300000000000_DON_2014 |7 0 |8 A |9 466254 |a BIBAGR |b BIBAGR |i 5130735 |o 571.9453 DON 2014 |p 5130735 |r 2025-01-20 |w 2019-11-23 |y BK |z Catalogado en:20141218 |k AGR | ||